LEADER 01250nam2-2200385---450- 001 990003153650203316 005 20130925110149.0 035 $a000315365 035 $aUSA01000315365 035 $a(ALEPH)000315365USA01 035 $a000315365 100 $a20081001d1918----km-y0itay50------ba 101 0 $aita 102 $aIT 105 $a||||||||001yy 200 1 $a<> società industriali in Italia ieri e oggi$eper l'organizzazione economica del dopo guerra$fGino Prinzivalli 210 $aMilano$cFratelli Treves$d1918 215 $aXI, 102 p.$d19 cm 225 2 $aQuaderni della guerra$v89 410 0$1001000588936$12001$aQuaderni della guerra$v, 89 606 0 $aIndustria$yItalia$z1913-1917 676 $a338.00945 700 1$aPRINZIVALLI,$bGino$0444729 801 0$aIT$bsalbc$gISBD 912 $a990003153650203316 951 $a338.00945 PRI$b599 DITESI (SEZ. 5 N.17) 951 $aXV.2.B. 170 4$b4742 F.C.$cXV.2.B.$d00342944 959 $aBK 969 $aDITESI 969 $aCUOMO 979 $aDLAS$b10$c20081001$lUSA01$h0845 979 $aAMENDOLA$b90$c20130924$lUSA01$h1340 979 $aAMENDOLA$b90$c20130925$lUSA01$h1101 996 $aSocietà industriali in Italia ieri e oggi$91018198 997 $aUNISA LEADER 01374nam2-2200397li-450 001 990000210040203316 005 20180312154823.0 010 $a3-540-64896-8 035 $a0021004 035 $aUSA010021004 035 $a(ALEPH)000021004USA01 035 $a0021004 100 $a20001109d1998----km-y0itay0103----ba 101 0 $aeng 102 $aGW 200 1 $aconcurrency theory$e9th International conference Nice, France, September 8-11, 1998$eproceedings$fDavide Sangiorgi (eds.)$vConcur'98 210 $aBerlin [etc.]$cSpringer-Verlag$dcopyr. 1998 215 $aXI, 655 p.$cill.$d24 cm 225 2 $aLecture notes in computer science$v1466 410 0$10010020264$12001$aLecture notes in computer science 610 1 $acongressi$anizza$a1998 610 1 $aelaboratori elettronici$asistemi operativi$acongressi$a1998 676 $a00542$9Programmazione di sistema 702 1$aSangiorgi,$bDavide 801 $aSistema bibliotecario di Ateneo dell' Università di Salerno$gRICA 912 $a990000210040203316 951 $a001 LNCS (1466)$b0022634$c001$d00104135 959 $aBK 969 $aSCI 979 $c19981014 979 $c20001110$lUSA01$h1714 979 $aALANDI$b90$c20010207$lUSA01$h0906 979 $c20020403$lUSA01$h1629 979 $aPATRY$b90$c20040406$lUSA01$h1615 996 $aConcurrency theory$91490880 997 $aUNISA